Loading...
| Beliefs | 20 | 19.50 | 65% | 65% | 65% |
| Fine Arts - Classical Music and Opera | 9 | 21.11 | 89% | 56% | 67% |
| Fine Arts - Other | 10 | 21.00 | 70% | 80% | 60% |
| Fine Arts - Visual | 10 | 18.00 | 60% | 60% | 60% |
| Geography | 1 | 30.00 | 100% | 100% | 100% |
| History - European | 8 | 21.25 | 88% | 88% | 38% |
| History - Other | 13 | 22.31 | 85% | 62% | 77% |
| History - US | 7 | 17.14 | 43% | 43% | 86% |
| History - World | 10 | 20.00 | 50% | 90% | 60% |
| Literature - American | 12 | 21.67 | 92% | 58% | 67% |
| Literature - British | 9 | 16.67 | 44% | 56% | 67% |
| Literature - European | 14 | 17.86 | 71% | 71% | 36% |
| Literature - World | 8 | 22.50 | 75% | 63% | 88% |
| Modern World | 4 | 20.00 | 25% | 100% | 75% |
| Other Academic | 4 | 20.00 | 75% | 75% | 50% |
| Philosophy | 9 | 20.00 | 22% | 89% | 89% |
| Science - Astronomy | 2 | 15.00 | 50% | 50% | 50% |
| Science - Biology | 8 | 21.25 | 63% | 75% | 75% |
| Science - Chemistry | 6 | 18.33 | 17% | 83% | 83% |
| Science - Earth | 2 | 15.00 | 50% | 50% | 50% |
| Science - Other | 12 | 15.83 | 75% | 58% | 25% |
| Science - Physics | 10 | 19.00 | 60% | 70% | 60% |
| Social Science | 9 | 17.78 | 78% | 56% | 44% |